Общие болезни (Радикулит - Ящур). Раздел 2. Как вырастить ребенка здоровым; Энциклопедия народной медицины

Dettagli Bibliografici
Parent link:Энциклопедия народной медицины/ сост. Р. В. Чумакова и др. Т. 2; Раздел 1
Altri autori: Чумакова Раиса Вячеславовна, Бушнев Владимир Васильевич, Чумакова Анна Вячеславовна, Корчагина Татьяна Федоровна
Lingua:russo
Pubblicazione: Москва, АНС, 1994
Soggetti:
Natura: MixedMaterials Libro
KOHA link:https://koha.lib.tpu.ru/cgi-bin/koha/opac-detail.pl?biblionumber=28272

MARC

LEADER 00000nam0a2200000 4500
001 28272
005 20231030202737.0
010 |a 5876050032 
035 |a (RuTPU)RU\TPU\book\28528 
035 |a BOOK00028603 
090 |a 28272 
100 |a 20011209d1994 u y0rusy50 ca 
101 0 |a rus 
102 |a RU 
105 |a a e 001|y 
200 1 |a Общие болезни (Радикулит - Ящур). Раздел 2. Как вырастить ребенка здоровым 
210 |a Москва  |c АНС  |d 1994 
215 |a 381 с.  |c ил. 
320 |a Алф. список рус. и лат. назв. растений: с. 366-381. 
461 |t Энциклопедия народной медицины  |f сост. Р. В. Чумакова и др  |v Т. 2; Раздел 1 
610 1 |a медицина народная 
610 1 |a энциклопедии 
610 1 |a советы 
610 1 |a лечение 
610 1 |a нетрадиционная медицина 
610 1 |a знахарская практика 
610 1 |a фитотерапия 
675 |a 615.8  |v 3 
702 1 |a Чумакова  |g Раиса Вячеславовна 
702 1 |a Бушнев  |g Владимир Васильевич 
702 1 |a Чумакова  |g Анна Вячеславовна 
702 1 |a Корчагина  |g Татьяна Федоровна 
801 0 |a RU  |b 63413507  |c 20011209  |g PSBO 
942 |c BK